Procesos Sociales: revista de Ciencias Sociales/
Պահպանված է:
| Համատեղ հեղինակ: | |
|---|---|
| Ձևաչափ: | Գիրք |
| Լեզու: | Spanish |
| Հրապարակվել է: |
Panamá :
FLACSO
|
| Ցուցիչներ: |
Ավելացրեք ցուցիչ
Չկան պիտակներ, Եղեք առաջինը, ով նշում է այս գրառումը!
|
MARC
| LEADER | 00000nam a22000007a 4500 | ||
|---|---|---|---|
| 003 | cru CIDCACS/IIS | ||
| 005 | 20180124151415.0 | ||
| 007 | ta | ||
| 008 | 180124r pn |||p|r||||||0| ||spa|d | ||
| 999 | |c 40875 |d 40875 | ||
| 022 | |a 22192611 | ||
| 040 | |c cru CIDCACS/IIS | ||
| 090 | |a REV1740 | ||
| 110 | 2 | |9 6479 |a Programa FLACSO-Panamá | |
| 245 | 1 | |a Procesos Sociales: |b revista de Ciencias Sociales/ |c Programa FLACSO Panamá | |
| 260 | |a Panamá : |b FLACSO | ||
| 270 | |a Programa Flacso-Panamá |l 523-5620 |m flacso@flacso-panama.org | ||
| 942 | |2 ddc |c PP | ||
